000 00611nam a2200241Ia 4500
003 OSt
005 20221005123159.0
006 a|||||r|||| 00| 0
007 ta
008 221004b |||||||| |||| 00| 0 mal d
024 _a54639
037 _cTextual
040 _aCRL
_cCRL
_bmal
041 _2mal
_amal
082 _aO32,1xD, G0
100 _aMenon Chelnat Achyuta
_943431
245 0 _aKuchelavrittam
260 _c1930
300 _a103p.
_ccm.
650 _aMALAYALAM LITERATURE
_938866
942 _hO32,1xD, G0
_cTEXL
_2cc
999 _c1046637
_d1046637